00787nam a2200157 a 4500008004100000050001600041100002100057245004100078260003200119300001000151350000900161995014100170995015100311995015000462999001700612120416s1965 ||||||||||||||||| || u aHF 5719 Shu aShuter, Robert L10aBusiness research and report writing aNew YorkbMcGraw-Hillc1965 a204p. a0.00 aBINDERY (DAMAGED)D0.00e703122FCBU-MAIN LIBRARY (Kitwe)H2I0.00jHF 5719 ShuM1UDAMAGEDy703122ZMain Library Open Access Collection aBINDERY (DAMAGED)D0.00e703123FCBU-MAIN LIBRARY (Kitwe)H1I0.00jHF 5719 ShuUDAMAGEDWJun 3, 2009y703123ZMain Library Open Access Collection aMAIN LIBRARY OPEN ACCESSD0.00e713178FCBU-MAIN LIBRARY (Kitwe)H1I0.00jHF 5719 ShuM1UAVAILABLEy007947ZMain Library Open Access Collection c79060d79060